Libertad de amar y derecho a morir : ensayos de un criminalista sobre eugenesia y eutanasia /
El autor aborda, como pionero, el análisis penal de la eugenesia y rompe con la dualidad de los cánones que monopolizan este tema en el campo de la sociología y la medicina. La entiende como el estudio del control social para engendrar bien, con miras al mejoramiento de las cualidades físicas y ment...
Na minha lista:
| Autor principal: | |
|---|---|
| Formato: | Livro |
| Idioma: | espanhol |
| Publicado em: |
Buenos Aires, Argentina :
Depalma,
1992, c1984
|
| Edição: | 7a edición |
| Assuntos: | |
| Tags: |
Sem tags, seja o primeiro a adicionar uma tag!
|
MARC
| LEADER | 00000nam^a2200000^a^4500 | ||
|---|---|---|---|
| 001 | 000181820 | ||
| 005 | 20250521000000.0 | ||
| 009 | 20260310101946.724 | ||
| 020 | |a 950-14-0228-2 | ||
| 037 | |a Acervo ITESO - Biblioteca | ||
| 041 | |a ESP | ||
| 082 | |a 174. 24 |b JIM | ||
| 100 | |a Jiménez de Asúa, Luis |e (autor) | ||
| 245 | 1 | 0 | |a Libertad de amar y derecho a morir : |b ensayos de un criminalista sobre eugenesia y eutanasia / |c L. Jiménez de Asúa. |
| 250 | |a 7a edición | ||
| 264 | 4 | |a Buenos Aires, Argentina : |b Depalma, |c 1992, c1984 | |
| 300 | |a 438 p. | ||
| 336 | |a texto |b txt |2 rdacontenido | ||
| 337 | |a sin mediación |b n |2 rdamedio | ||
| 338 | |a volumen |b nc |2 rdasoporte | ||
| 520 | |a El autor aborda, como pionero, el análisis penal de la eugenesia y rompe con la dualidad de los cánones que monopolizan este tema en el campo de la sociología y la medicina. La entiende como el estudio del control social para engendrar bien, con miras al mejoramiento de las cualidades físicas y mentales de las razas. En el segundo ensayo aborda la eutanasia de manera amplia, primero define el término, incorpora un análisis de los hechos históricos en este campo, la doctrina y las legislaciones vigentes para llegar al enfoque jurídico sobre el homicidio piadoso. | ||
| 649 | |a XX | ||
| 650 | |a Muerte | ||
| 650 | |a Vida | ||
| 650 | |a Eutanasia | ||
| 650 | |a Eugenesia | ||
| 650 | |a Criminalística | ||
| 650 | |a Etica Médica | ||
| 650 | |a Etica Profesional | ||
| 910 | |a Fondo General | ||
| 920 | |a Impresos - Libros | ||
| 930 | |a Colección General | ||
| 905 | |a 101 | ||
| 901 | |a 0500121417 |b IT1 |c ACC |u 20250521 | ||
| 902 | |a https://opac.biblio.iteso.mx/vufind/Record/000181820 | ||